00678nam a22002177a 450000500170000001000500001702000260006702000310009303500170012403500130014103500130015403700170016703700220018403700130020608200130021910000210023224500770025326000380033027000710036830000210043920180313103049.0 aB-529125-137 ENG-110476 B-663784 a9789381753460c125.00 a9789381753460c145.00 (AV) aB-529125-137 aEN-94008 aB-663784 adplbUBH/Ven adplbBookwell/Ven bDBAD/PUB a658.4092 aMaxwell, John C. aRelationship 101:bwhat every leader needs to know /cby John C. Maxwell aNew DelhibMaanu Graphicsc(201?) a5FF, Ganpati Bhawan, 21 Ansari Road Darya Ganj,bNew Delhie110002 a112p.c22cm(pbk)